[Event "Lovsprings op 08th E"]
[Site "Ringsted"]
[Date "1996.03.08"]
[Round "1"]
[White "Olsson, Dennis"]
[Black "Jorgensen, Per"]
[Result "0-1"]
[WhiteElo "1000"]
[BlackElo "1019"]
[PlyCount "46"]
[EventDate "1996.03.08"]
[EventType "swiss"]
[EventRounds "7"]
[EventCountry "DEN"]
[SourceTitle "EXT 2023"]
[Source "ChessBase"]
[SourceDate "2022.10.05"]
[SourceVersion "1"]
[SourceVersionDate "2022.10.05"]
[SourceQuality "1"]

1. e4 e5 2. d4 d6 3. c4 h6 4. h4 Nf6 5. Nc3 a6 6. g4 Bxg4 7. f3 Be6 8. b4 Nbd7 9. f4 exd4 10. Qxd4 c5 11. Qe3 cxb4 12. Na4 Qa5 13. e5 Ng4 14. Qe4 b3+ 15. Bd2 Qxa4 16. Qxb7 Rb8 17. Qa7 Be7 18. c5 0-0 19. Qxa6 Qe4+ 20. Be2 Qxh1 21. cxd6 Bxh4+ 22. Kf1 Bd5 23. e6 Qg2# 0-1